SIDA : el gran desafío /

Збережено в:
Бібліографічні деталі
Автор: Kübler-Ross, Elisabeth (autor)
Інші автори: Bayés, Ramón (prólogo) (prólogo)
Формат: Книга
Мова:Іспанська
Опубліковано: Barcelona, España : Martínez Roca, 2002, c2002
Серія:(Manuales Prácticos)
Предмети:
Теги: Додати тег
Немає тегів, Будьте першим, хто поставить тег для цього запису!

MARC

LEADER 00000nam^a2200000^a^4500
001 000145054
005 20250521000000.0
009 20260310095821.695
020 |a 968-21-1212-5 
037 |a Acervo ITESO - Biblioteca 
041 |a ESP 
082 |a 616. 9792  |b KUB 
100 |a Kübler-Ross, Elisabeth  |e (autor) 
245 1 0 |a SIDA :  |b el gran desafío /  |c E. Kübler-Ross ; pról. de R. Bayés ; tr. por Núria Pujol Valls. 
264 4 |a Barcelona, España :  |b Martínez Roca,  |c 2002, c2002 
300 |a 346 p. 
336 |a texto  |b txt  |2 rdacontenido 
337 |a sin mediación  |b n  |2 rdamedio 
338 |a volumen  |b nc  |2 rdasoporte 
440 1 |a (Manuales Prácticos) 
500 |a Traducción de: AIDS: The Ultimate Challenge 
649 |a XX 
650 |a SIDA 
650 |a Enfermedades Virales 
650 |a Enfermedades Infecciosas 
650 |a Epidemias 
650 |a Sexualidad 
650 |a Salud Pública 
650 |a Medicina 
650 |a Sociología 
650 |a Psicología 
700 |a Bayés, Ramón  |e (prólogo) 
910 |a Fondo General 
920 |a Impresos - Libros 
930 |a Colección General 
905 |a 101 
901 |a 0500074099  |b IT1  |c ACC  |u 20250521 
902 |a https://opac.biblio.iteso.mx/vufind/Record/000145054